<?xml version="1.0" encoding="UTF-8"?>
<record
    xmlns:xsi="http://www.w3.org/2001/XMLSchema-instance"
    xsi:schemaLocation="http://www.loc.gov/MARC21/slim http://www.loc.gov/standards/marcxml/schema/MARC21slim.xsd"
    xmlns="http://www.loc.gov/MARC21/slim">

  <leader>00391nam a2200157Ia 4500</leader>
  <controlfield tag="008">230718s9999    xx            000 0 und d</controlfield>
  <datafield tag="041" ind1=" " ind2=" ">
    <subfield code="a">eng</subfield>
  </datafield>
  <datafield tag="082" ind1=" " ind2=" ">
    <subfield code="a">891.46</subfield>
    <subfield code="b">PAV</subfield>
  </datafield>
  <datafield tag="100" ind1=" " ind2=" ">
    <subfield code="a">Pavar J.</subfield>
    <subfield code="9">168619</subfield>
  </datafield>
  <datafield tag="245" ind1=" " ind2=" ">
    <subfield code="a">Chatrapati Sambhaji</subfield>
  </datafield>
  <datafield tag="260" ind1=" " ind2=" ">
    <subfield code="c">2009</subfield>
    <subfield code="b">Riya Publication</subfield>
  </datafield>
  <datafield tag="300" ind1=" " ind2=" ">
    <subfield code="a">544</subfield>
  </datafield>
  <datafield tag="365" ind1=" " ind2=" ">
    <subfield code="c">Rs.</subfield>
    <subfield code="b">600.00</subfield>
  </datafield>
  <datafield tag="700" ind1=" " ind2=" ">
    <subfield code="a">Pavar J.</subfield>
    <subfield code="9">168619</subfield>
  </datafield>
  <datafield tag="906" ind1=" " ind2=" ">
    <subfield code="d">B:346315-Jan-2009</subfield>
    <subfield code="c">MAR</subfield>
    <subfield code="b">300</subfield>
  </datafield>
  <datafield tag="999" ind1=" " ind2=" ">
    <subfield code="c">321107</subfield>
    <subfield code="d">321107</subfield>
  </datafield>
  <datafield tag="952" ind1=" " ind2=" ">
    <subfield code="0">0</subfield>
    <subfield code="1">0</subfield>
    <subfield code="2">ddc</subfield>
    <subfield code="4">0</subfield>
    <subfield code="7">0</subfield>
    <subfield code="a">CCEP</subfield>
    <subfield code="b">CCEP</subfield>
    <subfield code="d">2009-03-20</subfield>
    <subfield code="e">Riya Book Service</subfield>
    <subfield code="f">MAR</subfield>
    <subfield code="g">300.00</subfield>
    <subfield code="i">3463</subfield>
    <subfield code="l">3</subfield>
    <subfield code="o">891.46</subfield>
    <subfield code="p">CCEP-BK-32314</subfield>
    <subfield code="r">2026-01-06 10:47:59</subfield>
    <subfield code="s">2025-04-02</subfield>
    <subfield code="t">300</subfield>
    <subfield code="v">600.00</subfield>
    <subfield code="w">2009-01-15</subfield>
    <subfield code="y">BK</subfield>
    <subfield code="z">032314</subfield>
  </datafield>
</record>
